00610cam a2200169 a 4500020003200000040000800032082002600040100002200066245006100088246003300149246007000182260006100252300003300313650005200346650002100398650002100419 a0131258168 (recycled paper) cDLC00a428 PRE 1995 A028 Or.1 aStupak, Steven A.14aThe Prentice Hall Regents prep book for the TOEIC test /30aPrep book for the TOEIC test3 aPrep book for the test of English for international communication aEnglewood Cliffs, N.J. :bPrentice Hall Regents,cc1995. axi, 288 p. :bill. ;c28 cm. 0aTest of English for International Communication 0aEnglish language 0aEnglish language